Guess the Famous People from their Eyes #22 - Statistics

General Stats
  • This quiz has been taken 221 times
  • The average score is 5 of 16
Answer Stats
Picture Answer % Correct
Avril Lavigne
76%
David Schwimmer
69%
Andrew Garfield
62%
Zooey Deschanel
55%
Sarah Jessica Parker
46%
Jimmy Carter
37%
Mindy Kaling
36%
Sarah Hyland
36%
Emmanuel Macron
31%
Macklemore
23%
Jennifer Hudson
22%
Nicole Scherzinger
21%
Djimon Hounsou
8%
Jerry Stiller
6%
Cedric the Entertainer
5%
Rosie Huntington-Whiteley
3%
No matching quizzes found
Score Distribution
Percent of People with Each Score
Percentile by Number Answered
Your Score History
You have not taken this quiz